[Event "Vaxjo op"]
[Site "Vaxjo"]
[Date "2015.02.13"]
[Round "3"]
[White "Flykt, Gabriel"]
[Black "Sjodin, Filip"]
[Result "0-1"]
[WhiteElo "1375"]
[BlackElo "1615"]
[PlyCount "150"]
[EventDate "2015.02.13"]
[EventType "swiss"]
[EventRounds "8"]
[EventCountry "SWE"]
[SourceTitle "CBM 164 Extra"]
[Source "ChessBase"]
[SourceDate "2015.03.02"]
[SourceVersion "1"]
[SourceVersionDate "2015.03.02"]
[SourceQuality "1"]

1. e4 c5 2. Nf3 d6 3. Bb5+ Bd7 4. Bxd7+ Nxd7 5. c3 g6 6. d4 cxd4 7. cxd4 Bg7 8. Nc3 a6 9. a4 Rc8 10. 0-0 Ngf6 11. Be3 0-0 12. Qd2 Ng4 13. Bf4 Re8 14. h3 Ngf6 15. Bh6 Qb6 16. Rab1 e5 17. dxe5 Nxe5 18. Nxe5 Rxe5 19. Bxg7 Kxg7 20. Rfe1 Rce8 21. Qd3 d5 22. Kf1 dxe4 23. Qe3 Qc6 24. Rbc1 Qc4+ 25. Qe2 Qxe2+ 26. Rxe2 Nd5 27. Nxd5 Rxd5 28. Rce1 Rd4 29. b3 Rb4 30. f3 f5 31. fxe4 fxe4 32. Re3 Kf6 33. Kf2 Kf5 34. Kg3 b5 35. axb5 axb5 36. Rf1+ Ke5 37. Rf7 h5 38. Rf2 Rd8 39. Rfe2 g5 40. h4 g4 41. Re1 Rbd4 42. Kf2 Rd2+ 43. R1e2 Rxe2+ 44. Kxe2 Rd3 45. Rxd3 exd3+ 46. Kxd3 Kf4 47. Kd4 Kg3 48. Kc5 Kxg2 49. Kxb5 g3 50. b4 Kh3 51. Ka6 g2 52. b5 g1Q 53. b6 Qxb6+ 54. Kxb6 Kxh4 55. Kc5 Kg3 56. Kd4 h4 57. Ke4 h3 58. Ke5 h2 59. Kd5 h1Q+ 60. Kd4 Qf3 61. Ke5 Qg4 62. Kd5 Qf4 63. Ke6 Qg5 64. Kd6 Qf5 65. Kc6 Qe5 66. Kb6 Qd5 67. Kc7 Qe6 68. Kd8 Qf7 69. Kc8 Qe7 70. Kb8 Qd7 71. Ka8 Kf4 72. Kb8 Ke5 73. Ka8 Kd6 74. Kb8 Kc6 75. Ka8 Qb7# 0-1

[Event "Vaxjo op"]
[Site "Vaxjo"]
[Date "2015.02.13"]
[Round "1"]
[White "Jernberg, Christopher"]
[Black "Sjodin, Filip"]
[Result "0-1"]
[WhiteElo "1196"]
[BlackElo "1615"]
[PlyCount "68"]
[EventDate "2015.02.13"]
[EventType "swiss"]
[EventRounds "8"]
[EventCountry "SWE"]
[SourceTitle "CBM 164 Extra"]
[Source "ChessBase"]
[SourceDate "2015.03.02"]
[SourceVersion "1"]
[SourceVersionDate "2015.03.02"]
[SourceQuality "1"]

1. e4 c5 2. Nf3 d6 3. Bd3 Nc6 4. c3 Nf6 5. Bc2 g6 6. d3 Bg7 7. Bg5 0-0 8. Nbd2 a6 9. 0-0 b5 10. d4 cxd4 11. cxd4 Bb7 12. Bxf6 Bxf6 13. d5 Ne5 14. Nxe5 Bxe5 15. Rb1 Rc8 16. Nf3 Bg7 17. Qd3 Qc7 18. Rfc1 Qc4 19. b3 Qxd3 20. Bxd3 e6 21. Rxc8 Rxc8 22. dxe6 fxe6 23. Ng5 d5 24. Nxe6 dxe4 25. Nxg7 exd3 26. Rd1 Kxg7 27. h3 Rd8 28. Kf1 Kf6 29. f3 Ke5 30. Kf2 Kd4 31. h4 Rc8 32. Ke1 Ke3 33. Rd2 Rc1+ 34. Rd1 d2+ 0-1

[Event "Vaxjo op"]
[Site "Vaxjo"]
[Date "2015.02.13"]
[Round "4"]
[White "Sjodin, Filip"]
[Black "Bjorkman, Filip"]
[Result "0-1"]
[WhiteElo "1615"]
[BlackElo "1225"]
[PlyCount "127"]
[EventDate "2015.02.13"]
[EventType "swiss"]
[EventRounds "8"]
[EventCountry "SWE"]
[SourceTitle "CBM 164 Extra"]
[Source "ChessBase"]
[SourceDate "2015.03.02"]
[SourceVersion "1"]
[SourceVersionDate "2015.03.02"]
[SourceQuality "1"]

1. e4 Nf6 2. e5 Nd5 3. d4 d6 4. exd6 cxd6 5. c4 Nb6 6. Be2 Bf5 7. Nc3 e6 8. Nf3 Be7 9. Nd2 Nc6 10. Nb3 Nb4 11. 0-0 Nc2 12. Rb1 Nb4 13. Ra1 Nc2 14. Rb1 Rc8 15. c5 dxc5 16. dxc5 Qxd1 17. Rxd1 Bxc5 18. Nxc5 Rxc5 19. Bd3 Bxd3 20. Rxd3 Nb4 21. Rd4 Nc6 22. Rg4 0-0 23. Ne4 Rxc1+ 24. Rxc1 f5 25. Rh4 fxe4 26. Rxe4 Re8 27. a3 h6 28. f4 Kf7 29. Kf2 Nd5 30. b4 a6 31. g4 Nf6 32. Re2 Nxg4+ 33. Kg3 Nf6 34. h3 Re7 35. Rd1 Nh5+ 36. Kf3 Nf6 37. Rb2 Nd5 38. Rb3 Rc7 39. f5 Nf6 40. fxe6+ Kxe6 41. b5 Ne5+ 42. Kg2 Nd5 43. bxa6 bxa6 44. Rg3 Rc2+ 45. Kh1 g5 46. a4 Rc4 47. Ra3 a5 48. Rf1 Nb6 49. Rfa1 Rd4 50. Rb3 Nbc4 51. Rb8 Kf5 52. Rf8+ Kg6 53. Rb8 Rd2 54. Rf1 Ne3 55. Rb6+ Kh5 56. Rf8 Rd1+ 57. Kh2 N5c4 58. Ra6 Rd2+ 59. Kg1 Rg2+ 60. Kh1 Rg3 61. Kh2 Rg2+ 62. Kh1 Rd2 63. Rff6 Kh4 64. Rae6 0-1